The uses of literature : essays = Los usos de la literatura : ensayos /

Збережено в:
Бібліографічні деталі
Автор: Calvino, Italo
Формат: Невідомо
Мова:English
Опубліковано: San Diego : Harcourt Brace Jovanovich, 1986.
Редагування:1 edición
Предмети:
Теги: Додати тег
Немає тегів, Будьте першим, хто поставить тег для цього запису!

MARC

LEADER 000000000a22000000004500
001 014239
020 |a 0151932050 
041 0 |a eng 
082 0 4 |a 800   |b C161l 
100 1 |a Calvino, Italo 
245 1 4 |a The uses of literature :   |b essays = Los usos de la literatura : ensayos /   |c Calvino, Italo 
246 3 1 |a Los usos de la literatura : ensayos 
250 |a 1 edición 
260 1 |a San Diego :   |b Harcourt Brace Jovanovich,   |c 1986. 
300 |a 341 páginas ;   |c 22 cm. 
650 4 |a LITERATURA 
500 |a Colección George Yúdice 
999 |c 20133  |d 20133 
942 |c BK  |h 800 C161l  |2 z